| 000 | 01077nam a22002777a 4500 | ||
|---|---|---|---|
| 001 | BD-DhSAU 8849 | ||
| 003 | BD-DhSAU | ||
| 005 | 20181217151132.0 | ||
| 008 | 150420b2016 bg ||||| m||| 00| 0 eng d | ||
| 040 | _aBD-DhSAU | ||
| 082 |
_222 _a635 _bB2275 |
||
| 100 |
_eRegistration # 10-04095 _a Banny , Ishrat Jahan |
||
| 245 |
_aProductivity and profitability of Tomato as influenced by Micronutrients / _bMS thesis _cBanny , Ishrat Jahan |
||
| 260 |
_aSher-e-Bangla Agricultural University : _bDepartment of Horticulture, _c2016 |
||
| 300 |
_axi,81 p. : _c30 cm. _bill. ; |
||
| 500 | _aMS thesis of Department of Horticulture, Faculty of Agriculture, Sher-e-Bangla Agricultural University, Dhaka | ||
| 504 | _aIncludes bibliographical reference. | ||
| 590 | _aShofi | ||
| 650 | _aHorticulture | ||
| 650 | _a Tomato | ||
| 650 | _aMicronutrients | ||
| 700 |
_a Mostarin, Tahmina _eSuperviser |
||
| 700 |
_a Kabir, Mohammad Humayun _eCo-superviser |
||
| 856 |
_uhttp://archive.saulibrary.edu.bd:8080/xmlui/handle/123456789/145 _yOnline Access |
||
| 942 |
_2ddc _cTHESIS |
||
| 999 |
_c14016 _d14015 |
||